Lexicón Kapelusz: psicología

Zapisane w:
Opis bibliograficzny
1. autor: Piéron, Henri (Autor)
Format: Książka
Język:hiszpański
Wydane: Buenos Aires Kapelusz 1964
Seria:Colección Universitaria. Serie Diccionarios
Hasła przedmiotowe:
Etykiety: Dodaj etykietę
Nie ma etykietki, Dołącz pierwszą etykiete!

MARC

LEADER 00000nam a2200000 a 4500
001 UCY9924
003 CL-VaPUC
008 950724e19640000AG |||||||||||||||||spa|d
082 0 4 |a 150.03  |b PIE  |2 21 
100 0 |a Piéron, Henri  |e author  |9 342485 
245 1 0 |a Lexicón Kapelusz: psicología 
246 1 0 |a psicología 
300 |a 603 p 
942 |c BK 
945 |d 19950724 00:00:00  |a mfernand 
260 |a Buenos Aires  |b Kapelusz  |c 1964 
650 0 |a Psicología   |9 257863 
650 0 |a Diccionarios  |9 256200 
583 |a last modification  |c 19950724 00:00:00  |k Rodrigo Vera 
490 0 |a Colección Universitaria. Serie Diccionarios 
999 |c 236910  |d 236908 
952 |0 0  |1 0  |4 0  |6 150_030000000000000_PIE_1964  |7 0  |8 X  |9 245396  |a BIBEDU  |b BIBEDU  |d 2019-11-18  |i 1539833  |o 150.03 PIE 1964  |p 1539833  |r 2023-01-13  |w 2019-11-18  |y BK_X  |k EDU